La ventana indiscreta
Un reportero fotográfico (Stewart) se ve obligado a permanecer en reposo con una pierna escayolada. A pesar de la compañía de su novia (Kelly) y de su enfermera (Ritter), procura escapar al tedio observando desde la ventana de su apartamento con unos prismáticos lo que ocurre en las viviendas de enf...
Guardado en:
| Autor Principal: | |
|---|---|
| Autor Corporativo: | |
| Otros Autores: | , , , , , , |
| Formato: | |
| Idioma: | Undetermined |
| Publicado: |
Estados Unidos :
Paramount Pictures,
1954.
|
| Materias: | |
| Etiquetas: |
Agregar Etiqueta
Sin Etiquetas, Sea el primero en etiquetar este registro!
|
| LEADER | 01460ngm a22002895a 4500 | ||
|---|---|---|---|
| 001 | CEM.cems020533 | ||
| 008 | 231009s1954####xx#---############vlund#d | ||
| 005 | 20231009191944.0 | ||
| 245 | 1 | 0 | |a La ventana indiscreta |h [videograbación] / |c Alfred Hitchcock. |
| 260 | |a Estados Unidos : |b Paramount Pictures, |c 1954. | ||
| 300 | |a 108'. | ||
| 520 | |a Un reportero fotográfico (Stewart) se ve obligado a permanecer en reposo con una pierna escayolada. A pesar de la compañía de su novia (Kelly) y de su enfermera (Ritter), procura escapar al tedio observando desde la ventana de su apartamento con unos prismáticos lo que ocurre en las viviendas de enfrente. Debido a una serie de extrañas circunstancias empieza a sospechar de un vecino cuya mujer ha desaparecido. | ||
| 538 | |a Soporte: DVD -- Formato: AVI Peso: 699mb -- Resolución: 608 x 368 -- 25 fps | ||
| 500 | |a Título original: Rear Window Idioma: Inglés y doblada al español. | ||
| 590 | |a Identificación anterior: 220 | ||
| 100 | 1 | |a Hitchcock, Alfred. | |
| 700 | 1 | |a Hayes, John Michael; Guion. | |
| 700 | 1 | |a Woolrich, Cornell; Novela. | |
| 700 | 1 | |a Waxman, Franz; Música. | |
| 700 | 1 | |a Stewart, James; Reparto. | |
| 700 | 1 | |a Kelly, Grace; Reparto. | |
| 700 | 1 | |a Corey, Wendell; Reparto. | |
| 700 | 1 | |a Thelma Ritter Reparto. | |
| 710 | 2 | |a Patron Inc. | |
| 653 | |a LARGOMETRAJE | ||
| 653 | |a FICCIÓN | ||
| 859 | |a CEMS |b BIB. CEMS - Depto. Recursos Didacticos |h 778.5 |i HIT-4 |k DRD |p 3164.23 |t Ej.1 | ||
